000 01224nam a2200229Ia 4500
001 L232-6487
003 IT-CnALBA
008 170116s9999||||xx |||||||||||||| ||und||
040 _aIT-CnALBA
_cIT-CnALBA
041 _aITALIANO
100 _aD'AMICO LUIGI
245 0 _aVITA DI NOSTRO SIGNORE GESÙ CRISTO, CON MASSIME ETERNE.
250 _a1a ed.
260 _aMILANO. BA. BOLOGNA
_bSALESIANA. SC. TIP.
_c1918 [1° Ed.: n.d.]
300 _a152 p. (prefazione: 16)
500 _aMASSIME ETERNE (1922). PERLE DI GRAN PREGIO ESTRATTE DAL LIBRO FEDE E PIETÀ DI LUIGI D'AMICO. VITA DI GESÙ CRISTO. IL PRECURSORE. INFANZIA DI GESÙ. VITA PUBBLICA. BATTESIMO. TENTAZIONI. AGNELLO DI DIO. CHIAMATA DEI PRIMI DISCEPOLI. NOZZE DI CANA. NICODEMO
501 _aSocietà San Paolo EM - Piazza San Paolo, 14 - 12051 ALBA (CN) (non commercial uses only) ® Copyright 2017
520 _aMASSIME ETERNE (1922). PERLE DI GRAN PREGIO ESTRATTE DAL LIBRO FEDE E PIETÀ DI LUIGI D'AMICO. VITA DI GESÙ CRISTO. IL PRECURSORE. INFANZIA DI GESÙ. VITA PUBBLICA. BATTESIMO. TENTAZIONI. AGNELLO DI DIO. CHIAMATA DEI PRIMI DISCEPOLI. NOZZE DI CANA. NICODEMO
650 _aVITA E MISTERO DI CRISTO
942 _cBK
957 _71
999 _a7463
_bSI
_g Copie: 2
_c265669
_d265669